1297 1852 1593 1401 1910 1808 1549 1142 1380 1609 1103 1071 1519 1382 1936 1440 1771 1504 1430 1841 1938 1475 1634 1580 1434 1022 1346 1894 1387 1672 1268 1555 1403 1404 1964 1171 1894 1387 1264 1541 1155 1236 1657 1367 1406 1366 1150 1714 1980 1385 1363 1845 1202 1784 1198 1164 1889 1855 1530 1590 1260 1611 1876 1964 1442 1799 1904 1061 1875 1573 1171 1426 1138 1606 1503 1604 1151 1174 1539 1883 1485 1787 1325 1496 1694 1272 1806 1926 1980 1612 1728 1245 1431 1906 1556 1952 1470 1430 1587 BCNSPRNW ULIB Ver.6.0+V

เปลี่ยนเป็นภาษาไทย

Change to English
 แสดงรายละเอียดบรรณานุกรม
  กลับหน้าหลัก

Brief Record : Get Marc (ISO 2709) : E-mail record : QR code < ปิดหน้าต่าง
LEADER : 00000nam 2200000uu 4500
001    13399126115
003     ULIB
008    180611s2014||||th 000 0 tha d
020    ^a9781438073989 (book with audio CD)^c600.00
050  0 ^aPE3235^bL735B
100 1  ^aLougheed, Lin
245 10 ^aBarron essential words for the IELTS [sound recording] /^cLin Lougheed
246 30 ^aEssential words for the IELTS
250    ^a2nd ed.
260    ^aHauppauge, N.Y. :^bBarron Educational Series,^c2014
300    ^a1audio CD :^bsd.,col ;^c4 3/4 in.^e1 book (379 p.)
490 0  ^aIELTS Superpack
590    ^aPurchase-E-17
650  0 ^aInternational English Language Testing System^vStudy guides
650  0 ^aEnglish language^vTextbooks for foreign speakers
650  0 ^aEnglish language^xExaminations^vStudy guides
650  0 ^aVocabulary^xExaminations&^8225;vStudy guides
850    ^aPSUCL
945    ^p600^l0^i004200
945    ^p600^l0^i004201
999    ^aวรรณษา ชูชัยมงคล
รายการนี้ยังไม่มีแท็ก
คุณยังไม่ได้ล็อกอิน คุณสามารถมีกิจกรรมร่วมกับเว็บไซต์ได้ แต่ต้องล็อกอินก่อน ::
  ล็อกอิน

รายการสื่อสารสนเทศ

ลำดับที่ ประเภท เลขเรียก/บาร์โค้ด สถานที่ สถานะ
1. วิทยาศาสตร์การแพทย์ และสุขภาพ
หนังสือสำรอง
สถานะ=หนังสือสำรอง
PE3235 L735B ฉ.1 
  Barcode: 004200
ห้องสมุดวิทยาเขตนครสวรรค์
►นวนิยาย:l:Fiction
บนชั้น
2. วิทยาศาสตร์การแพทย์ และสุขภาพ
วิทยาศาสตร์การแพทย์ และสุขภาพ
PE3235 L735B ฉ.2 
  Barcode: 004201
ห้องสมุดวิทยาเขตนครสวรรค์
►นวนิยาย:l:Fiction
บนชั้น

รายการใกล้เคียง
    ผู้แต่ง [Lougheed, Lin]

BibComment


ยังไม่เคยถูกคอมเมนท์

คอมเมนท์ทรัพยากรรายการนี้
  คอมเมนท์: Barron essential..


 Copyright 2026. Bcnsprnw @Library